000 00542nam a2200205Ia 4500
003 GCL
008 140319s9999 xx 000 0 eng d
040 _aGCL /
_cGCL
082 0 4 _a624.171
_bC S
100 1 _aKONG, F. K.
245 1 0 _aSTRUCTURAL ANALYSIS /
_cKONG, F. K.
700 1 _aCOARES, R.C.
700 1 _aCOUTLE, M.G.
260 _a[S.N] :
_bELBS CHAMPAN AND HALL ،
_c1987
300 _a605 P
650 0 4 _aالتحليل الرياضى
650 0 4 _aCIVIL ENGINEERING
650 0 4 _aSTRUCTURAL ENGINEERING
942 _2ddc
_cBK
999 _c19968
_d19968